000 01019nam0a22002411 4500
001 rc\4197957
005 20260407080624.0
021 _aRU
_b[49-7738]
035 _a(NLR Aleph) 008006551
090 _a8673530
_c8673530
100 _a20130415d1948 |||y0rusy50 ca
101 0 _arus
102 _aRU
105 _ay z |||||
200 1 _aПравила по технике безопасности при ведении горных работ на песчаных и песчано-гравийных карьерах Центрального управления пути Министерства путей сообщения
210 _a[Ржев]
_cКалин. ж. д.
_d[1948]
_gтип. изд-ва "Сов. железнодорожник"
215 _a17 с.
_d14
710 0 1 _aСССР
_bГлавное управление пути и сооружений
_3RU\NLR\AUTH\886270
_9284338
801 0 _aRU
_bNLR
_gpsbo
801 1 _aRU
_bELAR
_2rusmarc
852 _aNLR
_jТ26 Г-2/244
942 _cBOOK
980 _aNB